[Event "Ostravský koník 2017 - MÈR"]
[Site "Ostrava"]
[Date "2017.05.03"]
[Round "4"]
[White "Belunek, Vladimir"]
[Black "Didi, Jan"]
[Result "1-0"]
[WhiteElo "2248"]
[BlackElo "2050"]
[PlyCount "109"]

1. d4 d5 2. c4 e6 3. Nc3 Nf6 4. cxd5 exd5 5. Bg5 Be7 6. e3 O-O 7. Bd3 c6 8. Qc2
Nbd7 9. Nf3 Re8 10. h3 Nf8 11. O-O Ne4 12. Bf4 Nxc3 13. Qxc3 Bd6 14. Bxd6 Qxd6
15. b4 Qf6 16. Ne5 Nd7 17. f4 Qh4 18. Kh2 Nf6 19. Rf3 Nh5 20. Qc2 Nf6 21. Rb1
a6 22. a4 Ne4 23. Bxe4 dxe4 24. Rff1 Bf5 25. g4 Be6 26. f5 Bd5 27. f6 g6 28.
Qf2 Qh6 29. h4 Rad8 30. Kg3 Qf8 31. Qf4 Re6 32. h5 b6 33. hxg6 hxg6 34. g5 Rxe5
35. Qxe5 c5 36. bxc5 bxc5 37. Rfd1 c4 38. Kf4 c3 39. Rdc1 Ba2 40. Ra1 Rd5 41.
Qc7 Rf5+ 42. Kxe4 Qe8+ 43. Kd3 Bd5 44. Qe7 Qa8 45. Rxc3 a5 46. Rb1 Rf2 47. Rc5
Be4+ 48. Qxe4 Rd2+ 49. Kxd2 Qxe4 50. Rb8+ Kh7 51. Rcc8 Qg2+ 52. Kc3 Qe4 53. Kd2
Qg2+ 54. Kc3 Qe4 55. Kd2 {Kg8} 1-0

[Event "Ostravský koník 2017 - MÈR"]
[Site "Ostrava"]
[Date "2017.05.03"]
[Round "4"]
[White "Freisler, Pavel"]
[Black "Bartos, Jan"]
[Result "1/2-1/2"]
[WhiteElo "2256"]
[BlackElo "2157"]
[PlyCount "59"]

1. Nf3 c5 2. c4 Nf6 3. Nc3 e6 4. g3 b6 5. Bg2 Bb7 6. d4 cxd4 7. Qxd4 Be7 8. O-O
O-O 9. Bg5 h6 10. Bxf6 Bxf6 11. Qd2 Qe7 12. Rac1 Rd8 13. Nd4 Bxg2 14. Kxg2 d6
15. f4 Nc6 16. Nd5 exd5 17. Nxc6 Qe4+ 18. Kf2 dxc4 19. Nxd8 Rxd8 20. e3 d5 21.
Qc2 Qe6 22. Rcd1 d4 23. exd4 Bxd4+ 24. Kg2 Qd5+ 25. Rf3 Re8 26. Qd2 Re4 27. g4
Qb5 28. Re1 Rxe1 29. Qxe1 Qxb2+ 30. Kh3 1/2-1/2

[Event "Ostravský koník 2017 - MÈR"]
[Site "Ostrava"]
[Date "2017.05.03"]
[Round "4"]
[White "Kabelka, Ondrej"]
[Black "Sikorova, Olga"]
[Result "1-0"]
[WhiteElo "2069"]
[BlackElo "2206"]
[PlyCount "107"]

1. d4 Nf6 2. c4 g6 3. Nc3 Bg7 4. Nf3 O-O 5. g3 d6 6. Bg2 Nc6 7. O-O a6 8. h3
Bd7 9. e4 e5 10. Be3 exd4 11. Nxd4 Re8 12. Re1 Rb8 13. Qd2 Qc8 14. Kh2 b5 15.
cxb5 Nxd4 16. Bxd4 axb5 17. Rac1 Be6 18. e5 dxe5 19. Bxe5 b4 20. Na4 Bxa2 21.
Bxc7 Rxe1 22. Qxe1 Rb5 23. Bd6 Qe6 24. Bxb4 Nd5 25. Qxe6 fxe6 26. Bxd5 Bxd5 27.
Rc8+ Kf7 28. Ba3 Bd4 29. Nc3 Bxc3 30. Rxc3 h5 31. b4 Kf6 32. Rc5 Rxc5 33. bxc5
Kf5 34. Bc1 g5 35. Kg1 g4 36. h4 Ke4 37. Kf1 Kd3 38. Ke1 Bf3 39. Bf4 Kd4 40.
Bd6 Kd3 41. Be7 Bc6 42. Kd1 Be4 43. Bf6 Bc6 44. Kc1 Kc4 45. Be7 Kc3 46. Bf6+
Kc4 47. Be7 Kc3 48. Bf6+ Kc4 49. Kd2 Kxc5 50. Ke3 Kd5 51. Kf4 Be8 52. Bb2 Ba4
53. Kg5 Be8 54. Kf4 1-0

[Event "Ostravský koník 2017 - FIDE Open A"]
[Site "Ostrava"]
[Date "2017.05.02"]
[Round "4"]
[White "Koziol, Kamil"]
[Black "Zylka, Stanislaw"]
[Result "1/2-1/2"]
[WhiteElo "2316"]
[BlackElo "2305"]
[PlyCount "21"]

1. e4 c5 2. Nf3 d6 3. d4 cxd4 4. Nxd4 Nf6 5. Nc3 a6 6. Be3 e5 7. Nb3 Be6 8. h3
Nbd7 9. f4 Rc8 10. Qf3 exf4 11. Bxf4 1/2-1/2

[Event "Ostravský koník 2017 - FIDE Open A"]
[Site "Ostrava"]
[Date "2017.05.02"]
[Round "4"]
[White "Potomak, Vladimir"]
[Black "Vesselovsky, Serguei"]
[Result "0-1"]
[WhiteElo "2149"]
[BlackElo "2344"]
[PlyCount "102"]

1. c4 g6 2. d4 Bg7 3. Nf3 c5 4. d5 d6 5. g3 Nf6 6. Bg2 b5 7. cxb5 Qa5+ 8. Bd2
Qxb5 9. Nc3 Qb6 10. O-O O-O 11. e4 Ba6 12. Re1 Nbd7 13. Qc2 Ng4 14. Rad1 Bd4
15. Be3 Nxe3 16. fxe3 Bf6 17. Rd2 Qb4 18. Rf2 Rab8 19. Rc1 Ne5 20. Nxe5 Bxe5
21. Bf1 Bxf1 22. Rcxf1 Qc4 23. Rc1 Rb4 24. a3 Rb3 25. Nd1 Qb5 26. Qc4 a6 27.
Rd2 h5 28. Kg2 Rb8 29. Qxb5 axb5 30. Rcc2 Ra8 31. h3 Kg7 32. Kf3 Ra4 33. Rg2
Rd3 34. Nf2 Rb3 35. Nd1 f5 36. exf5 gxf5 37. Rgd2 Kf6 38. Nf2 c4 39. Nd1 c3 40.
Nxc3 Bxc3 41. Rxc3 Raxa3 42. Rdc2 Rxc3 43. bxc3 Rb3 44. c4 b4 45. c5 Rc3 46.
cxd6 exd6 47. Rb2 Rc4 48. Rb3 Ke5 49. Rd3 Rc5 50. Rb3 Rb5 51. Rb1 b3 0-1

[Event "Ostravský koník 2017 - FIDE Open A"]
[Site "Ostrava"]
[Date "2017.05.02"]
[Round "4"]
[White "Dhanush, Bharadwaj"]
[Black "Muzik, Martin"]
[Result "1-0"]
[WhiteElo "2191"]
[BlackElo "2124"]
[PlyCount "117"]

1. Nf3 d6 2. d4 Bg4 3. e4 Nf6 4. Nc3 e6 5. Be2 Be7 6. O-O O-O 7. Be3 d5 8. exd5
Nxd5 9. Nxd5 exd5 10. h3 Bh5 11. g4 Bg6 12. Ne5 Nd7 13. f4 Be4 14. Bf3 Nf6 15.
Be2 Ne8 16. Qd2 Nd6 17. b3 f6 18. Nd3 Bxd3 19. Bxd3 Re8 20. Qg2 c6 21. Rae1 Qa5
22. Bd2 Qb6 23. Qf2 Bf8 24. c4 Ne4 25. Bxe4 dxe4 26. Be3 Qc7 27. Rd1 a5 28. d5
a4 29. c5 cxd5 30. Rxd5 axb3 31. axb3 Ra3 32. Qc2 Kh8 33. Rfd1 Qa5 34. Qc4 Ra1
35. Kg2 Ra2+ 36. R1d2 Rxd2+ 37. Rxd2 Qc7 38. b4 h6 39. Qd5 Qe7 40. Qd7 Kg8 41.
b5 Qxd7 42. Rxd7 Rc8 43. c6 bxc6 44. b6 Ra8 45. b7 Ra2+ 46. Kf1 Rb2 47. Ba7 Bd6
48. Rxd6 Rxb7 49. Bf2 Rb3 50. Kg2 Rc3 51. Re6 Rc4 52. f5 Kf7 53. Be3 g5 54. Rd6
Ke7 55. Rd4 Rc2+ 56. Kg3 Re2 57. Rxe4+ Kf7 58. Re6 c5 59. Bxg5 1-0

ï»¿

[Event "Ostravský koník 2017 - MÈR"]
[Site "Ostrava"]
[Date "2017.05.03"]
[Round "5"]
[White "Krejci, Jan"]
[Black "Stocek, Jiri"]
[Result "1/2-1/2"]
[WhiteElo "2520"]
[BlackElo "2560"]
[PlyCount "113"]

1. e4 e6 2. d4 d5 3. Nd2 a6 4. Ngf3 c5 5. exd5 exd5 6. dxc5 Bxc5 7. Nb3 Bb6 8.
Bg5 Nf6 9. Qe2+ Be6 10. Nbd4 Qe7 11. Nxe6 fxe6 12. g3 Nbd7 13. Bh3 Nc5 14. Be3
O-O 15. O-O Nfe4 16. c4 Rae8 17. Rad1 Qf7 18. Bg2 Nd7 19. Bxb6 Nxb6 20. Ne5 Qf5
21. Bxe4 dxe4 22. Nd7 Nxd7 23. Rxd7 Rd8 24. Rfd1 Rxd7 25. Rxd7 b5 26. Rd4 bxc4
27. Rxe4 h6 28. a3 c3 29. bxc3 Qc5 30. Rxe6 Qxa3 31. Qc4 Kh8 32. Rxa6 Qc1+ 33.
Kg2 Qb2 34. Qc5 Qb7+ 35. Qc6 Qb2 36. Qc5 Qb7+ 37. Qc6 Qb2 38. Qb6 Qxc3 39. Qe3
Qc8 40. Rb6 Qa8+ 41. f3 Qa2+ 42. Kh3 Qd5 43. Kg2 Qa2+ 44. Qf2 Qxf2+ 45. Kxf2
Ra8 46. g4 Kg8 47. h4 Kf7 48. Kg3 Ra3 49. Rb5 Kf6 50. g5+ hxg5 51. hxg5+ Kf7
52. Rf5+ Kg6 53. Kg4 Ra1 54. Rb5 Rg1+ 55. Kf4 Rg2 56. Rb6+ Kh5 57. Rb5 1/2-1/2

[Event "Ostravský koník 2017 - MÈR"]
[Site "Ostrava"]
[Date "2017.05.03"]
[Round "5"]
[White "Velicka, Petr"]
[Black "Simacek, Pavel"]
[Result "1-0"]
[WhiteElo "2432"]
[BlackElo "2480"]
[PlyCount "112"]

1. e4 c5 2. Nf3 Nc6 3. Bb5 e5 4. O-O Bd6 5. d3 Nge7 6. c3 a6 7. Ba4 b5 8. Bb3
Na5 9. Bc2 Bc7 10. d4 cxd4 11. cxd4 exd4 12. Qxd4 O-O 13. Nc3 Nac6 14. Qd1 Bb7
15. Nd5 Nxd5 16. exd5 Nb4 17. Bxh7+ Kxh7 18. Ng5+ Kg6 19. d6 f6 20. dxc7 Qxc7
21. Qg4 fxg5 22. Qxb4 Rf5 23. Rd1 Bc6 24. Be3 Rh8 25. Rd6+ Rf6 26. Rad1 Rh6 27.
h3 Rxd6 28. Rxd6+ Kf7 29. Qb3+ Re6 30. Rd4 Qe5 31. Qd1 Kg8 32. Qg4 Rd6 33. Rxd6
Qxd6 34. Qxg5 Qd5 35. Qxd5+ Bxd5 36. a3 a5 37. g4 a4 38. Kh2 Kf7 39. Kg3 Ke7
40. Kf4 Bf7 41. h4 Bc4 42. h5 Be2 43. Bd4 Kf7 44. Kg3 Bd1 45. f4 Be2 46. f5 Kg8
47. Kh4 Bd3 48. Be3 Kf7 49. Bg5 Kg8 50. Bd2 Kh7 51. Kg5 Be2 52. h6 gxh6+ 53.
Kh5 Kg7 54. Bxh6+ Kf6 55. Bd2 Ke5 56. Kg5 Kd5 1-0

[Event "Ostravský koník 2017 - MÈR"]
[Site "Ostrava"]
[Date "2017.05.03"]
[Round "5"]
[White "Plat, Vojtech"]
[Black "Jansa, Vlastimil"]
[Result "1/2-1/2"]
[WhiteElo "2510"]
[BlackElo "2446"]
[PlyCount "57"]

1. d4 Nf6 2. c4 g6 3. g3 Bg7 4. Bg2 d5 5. cxd5 Nxd5 6. e4 Nb6 7. Ne2 O-O 8. O-O
Nc6 9. d5 Na5 10. Nbc3 c6 11. Bf4 cxd5 12. exd5 e5 13. Be3 Nac4 14. Bc5 Re8 15.
b3 Nd6 16. a4 Bf5 17. a5 Nbc8 18. Qd2 Qd7 19. Rfc1 h5 20. Ra4 Rb8 21. Be3 Bh3
22. Bh1 Kh7 23. f3 Nf5 24. Ne4 Nxe3 25. Qxe3 Nd6 26. Ng5+ Kg8 27. Nxh3 Qxh3 28.
Ra2 Rbc8 29. Rac2 1/2-1/2

[Event "Ostravský koník 2017 - MÈR"]
[Site "Ostrava"]
[Date "2017.05.03"]
[Round "5"]
[White "Zwardon, Vojtech"]
[Black "Hracek, Zbynek"]
[Result "1/2-1/2"]
[WhiteElo "2406"]
[BlackElo "2610"]
[PlyCount "61"]

1. c4 Nf6 2. g3 c6 3. Nf3 d5 4. Bg2 Bg4 5. cxd5 Bxf3 6. Bxf3 cxd5 7. Nc3 e6 8.
O-O Nc6 9. d4 Be7 10. Bg5 Qb6 11. e3 Qxb2 12. Qd3 Qb6 13. Rab1 Qc7 14. Rfc1 Qd7
15. Qb5 Nd8 16. Bd1 a6 17. Qb6 O-O 18. Na4 Rc8 19. Bxf6 gxf6 20. Rxc8 Qxc8 21.
Nc5 Bxc5 22. dxc5 Qd7 23. Qb4 f5 24. g4 fxg4 25. Qxg4+ Kh8 26. Kh1 f6 27. Qf4
Qe7 28. Bc2 Rg8 29. Bxh7 Qxh7 30. Qxf6+ Qg7 31. Qh4+ 1/2-1/2

[Event "Ostravský koník 2017 - MÈR"]
[Site "Ostrava"]
[Date "2017.05.03"]
[Round "5"]
[White "Haba, Petr"]
[Black "Blatny, Pavel"]
[Result "1/2-1/2"]
[WhiteElo "2458"]
[BlackElo "2388"]
[PlyCount "28"]

1. d4 d5 2. c4 e6 3. Nf3 Nf6 4. g3 Be7 5. Bg2 O-O 6. O-O dxc4 7. Qa4 a6 8. Qxc4
b5 9. Qc2 Bb7 10. Bd2 Be4 11. Qc1 b4 12. Bg5 Nbd7 13. Nbd2 Bb7 14. Bxf6 Nxf6
1/2-1/2

[Event "Ostravský koník 2017 - MÈR"]
[Site "Ostrava"]
[Date "2017.05.03"]
[Round "5"]
[White "Voloshin, Leonid"]
[Black "Olsarova, Karolina"]
[Result "1/2-1/2"]
[WhiteElo "2406"]
[BlackElo "2245"]
[PlyCount "144"]

1. d4 Nf6 2. c4 e6 3. Nf3 Bb4+ 4. Bd2 a5 5. g3 d6 6. Bg2 Nbd7 7. O-O e5 8. Bg5
exd4 9. Qxd4 O-O 10. Nc3 h6 11. Bxf6 Nxf6 12. Qd3 Bxc3 13. Qxc3 Ne4 14. Qc2 Re8
15. Nd4 Nc5 16. Nb5 Bg4 17. Rfe1 Qd7 18. e4 Rac8 19. Re3 Bh5 20. Rae1 Bg6 21.
Qd2 a4 22. Nc3 f6 23. Nd5 Bf7 24. b4 axb3 25. axb3 Ra8 26. b4 Na4 27. Ra3 Kh8
28. h4 Reb8 29. Kh2 Qd8 30. Rea1 b5 31. cxb5 Nb6 32. Rxa8 Rxa8 33. Rxa8 Nxa8
34. Nc3 Nb6 35. f4 Qe8 36. Qc2 Bc4 37. Nd5 Qxb5 38. Nxb6 cxb6 39. Qd2 Bd3 40.
Qe3 Bc4 41. Qd2 Bd3 42. Qc3 Bc4 43. Kg1 Kg8 44. Kf2 Kf8 45. Qa3 Qa6 46. Qxa6
Bxa6 47. Ke3 Bb7 48. Bf3 Bc8 49. Kd4 Ke7 50. Be2 Bb7 51. Bc4 Bc6 52. Be2 Bb7
53. Bb5 Kd8 54. Ba4 Ke7 55. Bb3 Bc6 56. Bc4 Be8 57. Bd5 Ba4 58. Kc4 Kd8 59. Bb7
Kc7 60. Ba8 Kd7 61. Bd5 Kd8 62. Kc3 Bb5 63. Bb3 Bc6 64. Kd4 Ke7 65. Bd1 Bb7 66.
Bg4 Ba6 67. Bh5 Bb7 68. Be2 Bc6 69. Bd3 Bb7 70. Bb5 Kd8 71. Ba4 Ke7 72. Bb3 Bc6
1/2-1/2

[Event "Ostravský koník 2017 - MÈR"]
[Site "Ostrava"]
[Date "2017.05.03"]
[Round "5"]
[White "Kovar, Vojtech"]
[Black "Sikora, Jan"]
[Result "1/2-1/2"]
[WhiteElo "2326"]
[BlackElo "2204"]
[PlyCount "93"]

1. d4 d5 2. c4 c6 3. Nf3 Nf6 4. Nc3 dxc4 5. a4 Bf5 6. e3 e6 7. Bxc4 Bb4 8. O-O
Nbd7 9. Qe2 Bg6 10. e4 O-O 11. Bd3 Bh5 12. e5 Nd5 13. Nxd5 cxd5 14. Qe3 Re8 15.
Ng5 Bg6 16. Bxg6 fxg6 17. a5 Bxa5 18. Qf3 Re7 19. Nxe6 Rxe6 20. Qxd5 Nf8 21.
Rxa5 b6 22. Qxd8 Rxd8 23. Rxa7 Rxd4 24. Be3 Rb4 25. f4 Rxb2 26. Rc1 Re8 27. Rc6
g5 28. g3 gxf4 29. gxf4 g5 30. Bc1 Re2 31. Ra3 Rd8 32. Rf3 gxf4 33. Bxf4 Ng6
34. Bh6 Nxe5 35. Rg3+ Ng6 36. Rc1 Rde8 37. h4 Re1+ 38. Rxe1 Rxe1+ 39. Kf2 Rh1
40. Bg5 Kf7 41. Kg2 Rb1 42. h5 Ne5 43. Bh6 Ke6 44. Rg7 Rb2+ 45. Kg3 Rb3+ 46.
Kg2 Rb2+ 47. Kg3 1/2-1/2

[Event "Ostravský koník 2017 - MÈR"]
[Site "Ostrava"]
[Date "2017.05.03"]
[Round "5"]
[White "Jurek, Josef"]
[Black "Postupa, Pavel"]
[Result "1/2-1/2"]
[WhiteElo "2277"]
[BlackElo "2202"]
[PlyCount "99"]

1. d4 Nf6 2. Nf3 g6 3. c4 Bg7 4. g3 d5 5. cxd5 Nxd5 6. Bg2 Nb6 7. Nc3 Nc6 8. e3
O-O 9. O-O Re8 10. Nh4 e5 11. d5 Na5 12. Rb1 e4 13. Nxe4 Nxd5 14. Qxd5 Qxd5 15.
Nf6+ Bxf6 16. Bxd5 Bxh4 17. gxh4 Bf5 18. Ra1 Rad8 19. Bg2 Be4 20. f3 Bd3 21.
Re1 c5 22. b3 f6 23. Bb2 Kf7 24. Rad1 Nc6 25. Bc3 b6 26. Rd2 Bb5 27. f4 Ne7 28.
Red1 Rxd2 29. Rxd2 Bc6 30. e4 Nc8 31. e5 Bxg2 32. Kxg2 fxe5 33. Bxe5 Ke6 34.
Kf3 h5 35. Ke4 Rf8 36. a4 Re8 37. Rd5 Rf8 38. a5 Re8 39. a6 Rf8 40. Rd1 Re8 41.
Rd3 Rf8 42. Ke3 Re8 43. Kd2 Re7 44. Kc3 Rd7 45. Rg3 Ne7 46. Kc4 Rd2 47. Bb8 Ra2
48. Bxa7 Rxa6 49. Bb8 Ra2 50. Be5 1/2-1/2

[Event "Ostravský koník 2017 - MÈR"]
[Site "Ostrava"]
[Date "2017.05.03"]
[Round "5"]
[White "Kozusek, Daniel"]
[Black "Bures, Martin"]
[Result "1-0"]
[WhiteElo "2264"]
[BlackElo "2084"]
[PlyCount "109"]

1. d4 e6 2. c4 f5 3. g3 Nf6 4. Bg2 d5 5. Nh3 c6 6. O-O Bd6 7. Bf4 Be7 8. Nd2
O-O 9. Nf3 h6 10. Ne5 Qe8 11. Qb3 Nbd7 12. Nd3 Nb6 13. cxd5 exd5 14. f3 g5 15.
Bc1 Bd6 16. Nhf2 Qe6 17. Re1 Bd7 18. Qc2 Rae8 19. b3 Bc8 20. Bb2 Qe3 21. Ne5
Nbd7 22. Qd3 Qxd3 23. Nfxd3 Kg7 24. Rac1 g4 25. h3 h5 26. Kf2 Bc7 27. Ke3 Bb6
28. Kd2 Nxe5 29. dxe5 Nd7 30. hxg4 hxg4 31. Rh1 Rh8 32. f4 d4 33. e3 Rxh1 34.
Rxh1 dxe3+ 35. Ke2 Re6 36. Rh5 Rh6 37. e6+ Nf6 38. e7 Bd7 39. Rxh6 Kxh6 40.
Bxf6 Be8 41. Ne5 Bc5 42. Nc4 Kg6 43. Bg5 Kf7 44. Nxe3 Ke6 45. Nc4 Bb4 46. a3
Bc3 47. b4 b6 48. Kd3 Be1 49. Bh4 a5 50. bxa5 bxa5 51. Ne5 Kd6 52. Bxc6 Bxc6
53. Nxc6 Kd7 54. Ne5+ Ke8 55. Nc4 1-0

[Event "Ostravský koník 2017 - MÈR"]
[Site "Ostrava"]
[Date "2017.05.03"]
[Round "5"]
[White "Novosadova, Kristyna"]
[Black "Vybiral, Zdenek"]
[Result "1-0"]
[WhiteElo "2198"]
[BlackElo "2271"]
[PlyCount "136"]

1. e4 e6 2. d4 d5 3. Nc3 Nf6 4. e5 Nfd7 5. Nce2 c5 6. f4 Nc6 7. Nf3 Qb6 8. c3
Be7 9. a3 a5 10. g3 O-O 11. Bh3 Kh8 12. O-O f5 13. g4 g6 14. Kh1 Qc7 15. gxf5
gxf5 16. Ng5 Nd8 17. Ng3 Bxg5 18. fxg5 Rg8 19. g6 hxg6 20. Bg5 Nf7 21. Qd2 Nxg5
22. Qxg5 Nf8 23. Rf4 Rg7 24. Ne2 b6 25. Rg1 Qe7 26. Rh4+ Kg8 27. Nf4 Qxg5 28.
Rxg5 Bd7 29. Bg2 Be8 30. Nxd5 Rd8 31. Nf6+ Kf7 32. d5 exd5 33. Bxd5+ Rxd5 34.
Nxd5 Bc6 35. c4 b5 36. Kg1 Ne6 37. Rg3 Nd4 38. Kf2 bxc4 39. Nb6 Ke6 40. Nxc4 a4
41. Rh6 Kd5 42. Nb6+ Kxe5 43. Rgxg6 Rc7 44. h4 Bb7 45. Nxa4 Kf4 46. Nc3 Bf3 47.
h5 Re7 48. Rd6 Nc2 49. Rhe6 Rb7 50. Ne2+ Bxe2 51. Rxe2 Nd4 52. Rd2 Rb3 53.
R6xd4+ cxd4 54. Rxd4+ Kg5 55. Rb4 Rh3 56. a4 f4 57. Rb8 Kg4 58. Rg8+ Kf5 59. b4
Ra3 60. a5 Ra2+ 61. Kf3 Ra3+ 62. Kg2 Ra2+ 63. Kh3 Ke4 64. h6 Ra1 65. Kh2 f3 66.
h7 f2 67. Rf8 Ra2 68. Kg3 Kd5 1-0

[Event "Ostravský koník 2017 - MÈR"]
[Site "Ostrava"]
[Date "2017.05.03"]
[Round "5"]
[White "Rabatin, Jakub"]
[Black "Kabelka, Ondrej"]
[Result "1/2-1/2"]
[WhiteElo "2286"]
[BlackElo "2069"]
[PlyCount "53"]

1. e4 e6 2. d4 d5 3. Nd2 Be7 4. Bd3 c5 5. dxc5 Nf6 6. Qe2 O-O 7. Ngf3 a5 8. c4
Na6 9. e5 Nd7 10. cxd5 exd5 11. O-O Ndxc5 12. Nd4 Nxd3 13. Qxd3 Nc5 14. Qg3 Qb6
15. b3 Bd7 16. Rb1 Rfe8 17. Bb2 Bf8 18. f4 Bb5 19. Rfd1 Bd3 20. Ra1 Rac8 21.
Kh1 Ba6 22. N2f3 Ne4 23. Qh4 Be7 24. Qe1 Bb4 25. Qh4 Be7 26. Qe1 Bb4 27. Qh4
1/2-1/2

[Event "Ostravský koník 2017 - MÈR"]
[Site "Ostrava"]
[Date "2017.05.03"]
[Round "5"]
[White "Didi, Jan"]
[Black "Machycek, Lubomir"]
[Result "1/2-1/2"]
[WhiteElo "2050"]
[BlackElo "2222"]
[PlyCount "134"]

1. e4 c5 2. Nf3 d6 3. d4 cxd4 4. Nxd4 Nf6 5. Nc3 a6 6. Be2 g6 7. O-O Bg7 8. Be3
O-O 9. Qd2 Nc6 10. f4 Bd7 11. a4 Rc8 12. Nxc6 Bxc6 13. Bf3 Nd7 14. Qf2 Qa5 15.
Bd4 Qb4 16. Ne2 e5 17. Bc3 Qc5 18. Rad1 Bxa4 19. Rd5 Qc7 20. Rfd1 Bxc2 21. R1d2
Bxe4 22. Bxe4 Nf6 23. Ng3 Nxd5 24. Bxd5 exf4 25. Bxg7 Kxg7 26. Qxf4 Qb6+ 27.
Rf2 f6 28. h4 Rc2 29. b3 Rxf2 30. Qxf2 Qxf2+ 31. Kxf2 b6 32. Ke3 f5 33. Kd4 Kf6
34. Nf1 Rc8 35. Nd2 Ke7 36. Bb7 Rc2 37. Kd3 Ra2 38. Bd5 b5 39. Ke3 a5 40. Kd3
a4 41. b4 Rb2 42. Kc3 a3 43. Nb3 Rf2 44. Nc1 Kf6 45. Kb3 Rd2 46. Bf3 Rd4 47.
Kxa3 Rxh4 48. Ne2 Rc4 49. Kb3 g5 50. Nc3 g4 51. Be2 Rc8 52. Bxb5 h5 53. Bd7 Rd8
54. Bc6 h4 55. b5 f4 56. b6 Ke5 57. b7 Kd4 58. Kb4 Rb8 59. Nb5+ Ke3 60. Nxd6 f3
61. Nf5+ Kf4 62. gxf3 gxf3 63. Nxh4 f2 64. Ng2+ Ke5 65. Ne3 Kd6 66. Kb5 Kc7 67.
Nd5+ Kd6 1/2-1/2

[Event "Ostravský koník 2017 - FIDE Open A"]
[Site "Ostrava"]
[Date "2017.05.03"]
[Round "5"]
[White "Shilov, Sergej"]
[Black "Koziol, Kamil"]
[Result "0-1"]
[WhiteElo "2167"]
[BlackElo "2316"]
[PlyCount "120"]

1. e4 c5 2. Nf3 e6 3. d4 cxd4 4. Nxd4 a6 5. Bd3 g6 6. O-O Bg7 7. Nb3 Ne7 8. a4
O-O 9. Na3 d5 10. c3 Qc7 11. a5 Bd7 12. Bg5 Bc6 13. Qe2 h6 14. Bh4 dxe4 15.
Bxe4 Bxe4 16. Qxe4 Nf5 17. Bg3 Nxg3 18. hxg3 Nc6 19. Nc4 Rad8 20. Rfd1 h5 21.
Qe3 Nd4 22. cxd4 Qxc4 23. Rdc1 Qb4 24. Qc3 Qd6 25. Ra4 e5 26. Nc5 exd4 27. Qd3
Rc8 28. Rac4 Qd5 29. b4 Rc7 30. Qf3 Qxf3 31. gxf3 Rfc8 32. Kf1 d3 33. Rd1 Bf8
34. Rxd3 Bxc5 35. bxc5 Rxc5 36. Rb4 R8c7 37. Rdb3 Rxa5 38. Rxb7 Rxb7 39. Rxb7
g5 40. Kg2 Ra4 41. Kf1 Kg7 42. Rb6 f6 43. g4 h4 44. Kg2 Kg6 45. Rc6 Ra1 46. Rc7
a5 47. Rc4 a4 48. f4 a3 49. f5+ Kf7 50. Rc7+ Ke8 51. Rc6 a2 52. Ra6 h3+ 53. Kh2
Kd7 54. Ra7+ Kd6 55. Ra5 Kc6 56. Ra6+ Kd5 57. f4 gxf4 58. g5 f3 59. g6 f2 60.
g7 Rg1 0-1

[Event "Ostravský koník 2017 - FIDE Open A"]
[Site "Ostrava"]
[Date "2017.05.03"]
[Round "5"]
[White "Zylka, Stanislaw"]
[Black "Lojek, Marek"]
[Result "1-0"]
[WhiteElo "2305"]
[BlackElo "2077"]
[PlyCount "90"]

1. Nf3 Nf6 2. g3 d5 3. Bg2 c5 4. O-O Nc6 5. d4 e6 6. c4 a6 7. cxd5 exd5 8. Nc3
Be6 9. Bg5 cxd4 10. Nxd4 Be7 11. Rc1 Rc8 12. Nxe6 fxe6 13. Bh3 d4 14. Bxf6 Bxf6
15. Ne4 Qe7 16. Qb3 Kf7 17. Qxb7 Qxb7 18. Nd6+ Ke7 19. Nxb7 Nb4 20. a3 Nd5 21.
Nc5 Rc6 22. Bg2 Rhc8 23. b4 Nc3 24. Bxc6 Nxe2+ 25. Kg2 Nxc1 26. Bb7 Rxc5 27.
bxc5 Nd3 28. c6 Kd6 29. Bxa6 Nb2 30. Bb5 Kc7 31. Kf3 d3 32. Ke3 Be7 33. Bxd3
Nxd3 34. Kxd3 Bxa3 35. Re1 Kxc6 36. Rxe6+ Kd5 37. Ra6 Bb2 38. Ra5+ Ke6 39. Ke4
Bc3 40. Ra6+ Kf7 41. f4 g6 42. g4 Kg7 43. h4 Kf7 44. Ra7+ Kg8 45. h5 Bg7 1-0

ï»¿

[Event "Ostravský koník 2017 - MÈR"]
[Site "Ostrava"]
[Date "2017.05.04"]
[Round "6"]
[White "Stocek, Jiri"]
[Black "Velicka, Petr"]
[Result "1/2-1/2"]
[WhiteElo "2560"]
[BlackElo "2432"]
[PlyCount "69"]

1. d4 d5 2. Nf3 Nf6 3. c4 c6 4. Nc3 a6 5. Qc2 b5 6. cxd5 cxd5 7. Bg5 Nbd7 8. a4
bxa4 9. Qxa4 e6 10. Ne5 Bb7 11. e3 Be7 12. Bd3 O-O 13. O-O h6 14. Nxd7 Nxd7 15.
Bxe7 Qxe7 16. Rfc1 Qd6 17. Nb1 Rfc8 18. Nd2 Rxc1+ 19. Rxc1 Rc8 20. Rxc8+ Bxc8
21. Nb3 Kf8 22. Qa5 Ke7 23. Nc5 Nxc5 24. dxc5 Qc6 25. b4 e5 26. Qa1 f6 27. f4
d4 28. exd4 Qd5 29. fxe5 fxe5 30. Bxa6 Bxa6 31. Qxa6 Qxd4+ 32. Kf1 Qf4+ 33. Ke2
Qe4+ 34. Kf2 Qf4+ 35. Ke2 1/2-1/2

[Event "Ostravský koník 2017 - MÈR"]
[Site "Ostrava"]
[Date "2017.05.04"]
[Round "6"]
[White "Cernousek, Lukas"]
[Black "Krejci, Jan"]
[Result "1/2-1/2"]
[WhiteElo "2462"]
[BlackElo "2520"]
[PlyCount "29"]

1. d4 Nf6 2. c4 e6 3. g3 d5 4. Nf3 Bb4+ 5. Bd2 Be7 6. Bg2 O-O 7. O-O Nbd7 8.
Qc2 Ne4 9. Nc3 Nxd2 10. Nxd2 c6 11. e4 dxc4 12. Nxc4 Nb6 13. Nxb6 Qxb6 14. Rfd1
e5 15. d5 1/2-1/2

[Event "Ostravský koník 2017 - MÈR"]
[Site "Ostrava"]
[Date "2017.05.04"]
[Round "6"]
[White "Jansa, Vlastimil"]
[Black "Cvek, Robert"]
[Result "1/2-1/2"]
[WhiteElo "2446"]
[BlackElo "2518"]
[PlyCount "23"]

1. e4 e6 2. d4 d5 3. Nd2 Be7 4. Ngf3 Nf6 5. Bd3 c5 6. exd5 Qxd5 7. dxc5 Nbd7 8.
O-O Nxc5 9. Bc4 Qd8 10. Qe2 O-O 11. Nb3 b6 12. Nxc5 1/2-1/2

[Event "Ostravský koník 2017 - MÈR"]
[Site "Ostrava"]
[Date "2017.05.04"]
[Round "6"]
[White "Vokac, Marek"]
[Black "Plat, Vojtech"]
[Result "1/2-1/2"]
[WhiteElo "2415"]
[BlackElo "2510"]
[PlyCount "84"]

1. d4 Nf6 2. c4 e6 3. Nf3 b6 4. Bf4 Bb7 5. e3 Be7 6. Nc3 Nh5 7. Bd3 Nxf4 8.
exf4 Bd6 9. g3 f5 10. O-O O-O 11. Re1 Qf6 12. Bf1 Bxf3 13. Qxf3 Nc6 14. d5 Nd4
15. Qd3 c5 16. dxe6 dxe6 17. Nb5 Rad8 18. Nxd4 cxd4 19. Bg2 Rfe8 20. Re2 h6 21.
Rae1 Bb4 22. Rd1 Bc5 23. Rde1 Re7 24. a3 a5 25. h4 g6 26. Rb1 a4 27. Rbe1 Kg7
28. Rd2 g5 29. hxg5 hxg5 30. fxg5 Qxg5 31. Rde2 Qf6 32. f4 Bd6 33. Bc6 Rh8 34.
Rg2 e5 35. g4 Qh4 36. Ree2 Qh1+ 37. Kf2 Qh4+ 38. Kg1 Qh1+ 39. Kf2 Rh3 40. Qxf5
Rf7 41. Re1 Rxf5 42. gxf5+ Qxg2+ 1/2-1/2

[Event "Ostravský koník 2017 - MÈR"]
[Site "Ostrava"]
[Date "2017.05.04"]
[Round "6"]
[White "Blatny, Pavel"]
[Black "Rasik, Vitezslav"]
[Result "1-0"]
[WhiteElo "2388"]
[BlackElo "2467"]
[PlyCount "119"]

1. b3 e5 2. Bb2 Nc6 3. e3 Nf6 4. g3 d5 5. Bg2 Be6 6. d3 Bd6 7. Nd2 O-O 8. Ne2
Qd7 9. h3 Rfe8 10. a3 Rad8 11. g4 h6 12. b4 a5 13. b5 Ne7 14. c4 Ng6 15. Rg1 c6
16. bxc6 Qxc6 17. Nc3 Bf8 18. Rc1 Qa6 19. Nb5 Rc8 20. Bf1 dxc4 21. dxc4 Red8
22. Qc2 Nd7 23. Ne4 Nc5 24. Nxc5 Rxc5 25. a4 Rdc8 26. Ba3 R5c6 27. Bxf8 Nxf8
28. Qe4 Rc5 29. g5 h5 30. g6 fxg6 31. Rd1 Bf5 32. Qg2 Qc6 33. Qxc6 R8xc6 34.
Nd6 Rc7 35. Bg2 e4 36. f3 exf3 37. Bxf3 Re5 38. Nxf5 gxf5 39. Kf2 Rce7 40. Rd8
Re8 41. Rxe8 Rxe8 42. Rb1 Kf7 43. Bxh5+ g6 44. Bf3 Kf6 45. Rxb7 Ne6 46. Rb6 Kg5
47. Rb5 Kh4 48. Rxa5 Ng5 49. Ra8 Nxh3+ 50. Kg2 Rxe3 51. Rh8+ Kg5 52. Rxh3 Ra3
53. Bc6 Ra2+ 54. Kf1 Kg4 55. Rc3 g5 56. c5 f4 57. Bd7+ Kh5 58. c6 g4 59. Bxg4+
Kxg4 60. c7 1-0

[Event "Ostravský koník 2017 - MÈR"]
[Site "Ostrava"]
[Date "2017.05.04"]
[Round "6"]
[White "Sobek, Jaroslav"]
[Black "Haba, Petr"]
[Result "1/2-1/2"]
[WhiteElo "2202"]
[BlackElo "2458"]
[PlyCount "81"]

1. d4 d5 2. c4 c6 3. Nf3 e6 4. Qc2 Nf6 5. Bg5 dxc4 6. Qxc4 h6 7. Bxf6 Qxf6 8.
Nc3 Nd7 9. e3 e5 10. Be2 exd4 11. Qxd4 Qxd4 12. Nxd4 g6 13. O-O-O Bg7 14. Ne4
Ke7 15. h3 Rd8 16. Rd2 Nf6 17. Nxf6 Bxf6 18. Rhd1 Bd7 19. Bf3 Be8 20. Kc2 a5
21. Nb3 a4 22. Nc5 Rxd2+ 23. Rxd2 Ra5 24. Nd3 h5 25. g4 hxg4 26. hxg4 Bd7 27.
Be2 Be6 28. Nc1 Ra8 29. f4 Rh8 30. e4 Rh2 31. g5 Bg7 32. e5 Rh4 33. Nd3 Bxa2
34. Kc3 Bb1 35. Nc5 Bf5 36. Rd4 b5 37. Bd3 Bc8 38. Be2 Bf5 39. Bd3 Bc8 40. Be2
Rh2 41. Bd3 1/2-1/2

[Event "Ostravský koník 2017 - MÈR"]
[Site "Ostrava"]
[Date "2017.05.04"]
[Round "6"]
[White "Nguyen, Thai Dai Van"]
[Black "Kraus, Tomas"]
[Result "1/2-1/2"]
[WhiteElo "2441"]
[BlackElo "2418"]
[PlyCount "36"]

1. e4 e5 2. Nf3 Nf6 3. Nxe5 d6 4. Nf3 Nxe4 5. c4 Nc6 6. d4 d5 7. a3 Be7 8. h3
O-O 9. Bd3 Bf6 10. Be3 Re8 11. cxd5 Qxd5 12. Nc3 Nxc3 13. bxc3 Bf5 14. O-O Bxd3
15. Qxd3 Na5 16. Nd2 c5 17. Qb5 b6 18. Rad1 Qc6 1/2-1/2